| 000 | 01662nab a22002777a 4500 | ||
|---|---|---|---|
| 999 |
_c6337 _d6337 |
||
| 003 | OSt | ||
| 005 | 20260130213503.0 | ||
| 008 | 190603e xxum|||| |||| 00| 0 spa d | ||
| 040 | _cPJ | ||
| 100 |
_94767 _aJáuregui, Rodolfo G. |
||
| 245 | 1 | 0 |
_aConsentimiento de una entrega y potestad institucional : _buna coreografía judicial sin red afectiva (ni normativa). La deconstrucción de una práctica judicial. Del texto al contexto / _cRodolfo G. Jáuregui. |
| 260 |
_cCiudad Autónoma de Buenos Aires : _aThomson Reuters La Ley, _b2025. |
||
| 300 | _ap. 148-155 | ||
| 500 | _aCita: TR LALEY AR/DOC/2247/2025 Publicado en: RCCyC 2025 (Octubre). | ||
| 505 | _aSumario: I. La madre y el sistema judicial: texto y contexto familiar cancelado.— II. El texto y el contexto normativo (de nuevo divorciados). Genealogía y actualidad del art. 607 inc. b) del Cód. Civ. y Com.— III. Conclusión final: ética, rostro y el silencio institucional. | ||
| 505 | _aFallo comentado: SC Mendoza, sala I ~ 27/02/2025 ~ M. M. D. A. s/ su hijo por nacer s/ medidas de protección de derechos s/ recurso extraordinario provincial (ley 9423). | ||
| 505 | _t¿Te interesa el texto completo? Solicitalo al correo: koha@justierradelfuego.gov.ar | ||
| 650 | 0 |
_9967 _aDERECHO DE FAMILIA |
|
| 650 | 0 |
_9974 _aADOPCIÓN |
|
| 650 | 0 |
_94097 _aINTERES SUPERIOR DEL NIÑO |
|
| 650 | 0 |
_92345 _aDERECHO A LA IDENTIDAD |
|
| 650 | 0 |
_94273 _aCONSENTIMIENTO INFORMADO |
|
| 650 | 0 |
_93533 _aINTERPRETACION DE LA LEY |
|
| 773 | 0 |
_02713 _93170 _dCiudad Autónoma de Buenos Aires : Thomson Reuters La Ley, 2015- _tRevista Código Civil y Comercial. Nº 5 - Octubre 2025 |
|
| 942 |
_2udc _cANA |
||